000 00556nam a2200181Ia 4500
008 151202s9999||||xx |||||||||||||| ||und||
082 _bPNVM-10872
100 _aAGGARWALA R. N.
245 _aNATIONAL MOVEMENT & CONSTITUTIONAL DEVELOPMENT OF INDIA.
260 _b"METROPOLITION, DELHI."
260 _c0
300 _a320
600 _aAGGARWALA R. N.
630 _aNATIONAL MOVEMENT & CONSTITUTIONAL DEVELOPMENT OF INDIA.
700 _aAGGARWALA R. N.
730 _aNATIONAL MOVEMENT & CONSTITUTIONAL DEVELOPMENT OF INDIA.
942 _cBOOK
999 _c1276859
_d1276856